000 01124nam a2200301Ia 4500
003 OSt
005 20200911154220.0
008 191128s2000 ck ad fr 000 0dspa d
020 _a9789586486552
040 _aCO-JMCR
_cCO-JMCR
041 0 _aspa
082 0 4 _a364.162 /
_bB373c
_223
100 1 _aBishop, Toby,
_eautor
_910201
245 1 0 _aCapacidad de recuperación empresarial /
_cToby Bishop, Frank Hydoshy ; traductor Samuel A. Mantilla
260 _aBogotá :
_bEcoe,
_c2010
300 _a203 páginas :
_bilustraciones y gráficos a blanco y negro ;
_c24 cm.
490 0 _aCiencias administrativas
500 _aIncluye datos biográficos de los autores.
504 _aBibliografía: páginas 183-186
505 0 _aEl fraude y la corrupción -- El crecimiento riesgo de fraude y corrupción -- Los costos del fraude y la corrupción
650 1 4 _aFraude
_910202
650 1 4 _aEstafa
_98203
650 1 4 _aCorrupción administrativa
_98354
650 1 4 _aLiderazgo empresarial
_9222
700 1 _aHydoski, Frank,
_eautor
_910203
700 1 _aMantilla, Samuel A.
_etraductor
_910204
942 _2ddc
_cBK
999 _c5964
_d5964